Country Countdown Quiz Stats

 Plays Quiz Updated Dec 5, 2011

Challenge
Share
Tweet
Embed
Score 0/10 Timer 02:00
10 Plays Today
Letter Sequence Countries % Correct
MALGuatemala, Malawi, Malaysia, Maldives, Mali, Malta, Somalia
92%
NIAAlbania, Armenia, Bosnia and Herzegovina, Estonia, Lithuania, Macedonia, Mauritania, Romania, Slovenia, Tanzania
90.7%
BIAColombia, Gambia, Namibia, Saudi Arabia, Serbia, Zambia
90%
STAAfghanistan, Costa Rica, Kazakhstan, Kyrgyzstan, Pakistan, Tajikistan, Turkmenistan, United States, Uzbekistan
86.9%
ICACentral African Republic, Costa Rica, Dominica, Dominican Republic, Jamaica, Nicaragua, South Africa, Vatican City
85.5%
BANAlbania, Bangladesh, Lebanon
76.7%
INAArgentina, Bosnia and Herzegovina, Burkina Faso, China, Suriname
76.6%
MARDenmark, Marshall Islands, Myanmar, San Marino
61.6%
IMBZimbabwe
52.2%
INGSingapore, United Kingdom
37.2%

You're not logged in!

Compare scores with friends on all Sporcle quizzes.
Join for Free
OR
Log In

You Might Also Like...

Show Comments

Extras

Top Quizzes Today


Score Distribution

Your Account Isn't Verified!

In order to create a playlist on Sporcle, you need to verify the email address you used during registration. Go to your Sporcle Settings to finish the process.

Report this User

Report this user for behavior that violates our Community Guidelines.

Details: